Państwa, które zmieniły swoją stolicę - Statystyki

Ogólne statystyki
  • Ten quiz został rozwiązany 27 razy
  • Średni wynik to 4 z 9
Statystyki odpowiedzi
Państwo % Poprawnych
Kazachstan
70%
Nigeria
63%
Brazylia
59%
Indie
44%
Turcja
37%
Mjanma
33%
Pakistan
33%
Rosja
33%
Niemcy
30%
Nie znaleziono quizów pasujących do podanych kryteriów
Rozkład punktacji
Procent ludzi z każdym wynikiem
Percentyl według liczby udzielonych odpowiedzi
Twoja historia wyników
Nie rozwiązałeś tego quizu